El proceso penal y los actos jurídicos procesales penales

שמור ב:
מידע ביבליוגרפי
מחבר ראשי: Bartoloni Ferro, Abraham (Author)
פורמט: ספר
שפה:ספרדית
יצא לאור: Santa Fe Castellví 1958
נושאים:
תגים: הוספת תג
אין תגיות, היה/י הראשונ/ה לתייג את הרשומה!

MARC

LEADER 00000nam a2200000 a 4500
001 UCS1218
003 CL-VaPUC
008 970509e19580000AG |||||||||||||||||spa|d
082 0 4 |a 345.05  |b BAR  |2 21 
100 0 |a Bartoloni Ferro, Abraham  |e author  |9 385495 
245 1 3 |a El proceso penal y los actos jurídicos procesales penales 
300 |a 5 v 
942 |c BK 
945 |d 19970509 00:00:00  |a paguirre 
260 |a Santa Fe  |b Castellví  |c 1958 
500 |a v.1: Acción, jurisdicción, proceso 
500 |a v.2: Sumario 
500 |a v.3: Prueba penal, en general 
500 |a v.4: De la prueba en particular. Organos y medios de prueba 
500 |a v.5: Sentencia, recursos, juicios especiales 
650 7 |a DERECHO PENAL  |2 CL-VaPUC  |9 11 
650 0 |a Procedimiento penal  |9 254974 
650 0 |a Derecho procesal penal   |9 256392 
650 0 |a Actos jurídicos  |9 255748 
650 0 |a Prueba testimonial  |9 370024 
650 7 |a PRUEBA PERICIAL  |2 CL-VaPUC  |9 258499 
650 7 |a PRUEBA DOCUMENTAL  |2 CL-VaPUC  |9 370021 
650 0 |a Sentencias  |9 256250 
583 |a last modification  |c 19970509 00:00:00  |k Rodrigo Vera 
999 |c 259318  |d 259316 
952 |0 0  |1 0  |4 0  |6 345_050000000000000_BAR_1958  |7 0  |8 A  |9 283976  |a BIBDER  |b BIBDER  |d 2019-11-19  |h v.4  |i 184167K  |o 345.05 BAR 1958  |p 184167K  |r 2023-01-25  |w 2019-11-19  |y BK  |k DER 
952 |0 0  |1 0  |4 0  |6 345_050000000000000_BAR_1958  |7 0  |8 A  |9 283977  |a BIBDER  |b BIBDER  |d 2019-11-19  |h v.5  |i 1841688  |o 345.05 BAR 1958  |p 1841688  |r 2023-01-25  |w 2019-11-19  |y BK  |k DER 
952 |0 0  |1 0  |4 0  |6 345_050000000000000_BAR_1958  |7 0  |8 A  |9 283978  |a BIBDER  |b BIBDER  |d 2019-11-19  |h v.1  |i 186257K  |o 345.05 BAR 1958  |p 186257K  |r 2023-01-25  |w 2019-11-19  |y BK  |k DER 
952 |0 0  |1 0  |4 0  |6 345_050000000000000_BAR_1958  |7 0  |8 A  |9 283979  |a BIBDER  |b BIBDER  |d 2019-11-19  |h v.2  |i 1862588  |o 345.05 BAR 1958  |p 1862588  |r 2023-01-25  |w 2019-11-19  |y BK  |k DER 
952 |0 0  |1 0  |4 0  |6 345_050000000000000_BAR_1958  |7 0  |8 A  |9 283980  |a BIBDER  |b BIBDER  |d 2019-11-19  |h v.3  |i 1862596  |o 345.05 BAR 1958  |p 1862596  |r 2023-01-25  |w 2019-11-19  |y BK  |k DER